Library Banner

سندھودیش (Record no. 76796)

MARC details
000 -LEADER
fixed length control field 00421nam a22001457a 4500
005 - DATE AND TIME OF LATEST TRANSACTION
control field 20150930114745.0
008 - FIXED-LENGTH DATA ELEMENTS--GENERAL INFORMATION
fixed length control field 150930b xxu||||| |||| 00| 0 eng d
040 ## - CATALOGING SOURCE
Transcribing agency PK-LaUMT
082 ## - DEWEY DECIMAL CLASSIFICATION NUMBER
Classification number KHC 954.918
Item number SYE-S
100 ## - MAIN ENTRY--PERSONAL NAME
Personal name سید، جی ایم
245 ## - TITLE STATEMENT
Title سندھودیش
Remainder of title کل آج اور کل
Statement of responsibility, etc جی ایم سید
260 ## - PUBLICATION, DISTRIBUTION, ETC. (IMPRINT)
Place of publication, distribution, etc کراچی
Name of publisher, distributor, etc دورجدید پبلیکیشنز
Date of publication, distribution, etc 2000
300 ## - PHYSICAL DESCRIPTION
Extent 165 ص
942 ## - ADDED ENTRY ELEMENTS (KOHA)
Koha item type Books
Holdings
Withdrawn status Lost status Damaged status Home library Current library Date acquired Full call number Barcode Date last seen Price effective from Koha item type
      UMT Main Campus UMT Main Campus 2015-09-30 KHC 954.918 SYE-S 70853 2015-09-30 2015-09-30 Books